| 000 | 00605nam a22002057a 4500 | ||
|---|---|---|---|
| 003 | OSt | ||
| 005 | 20250820051611.0 | ||
| 008 | 250820b |||||||| |||| 00| 0 eng d | ||
| 020 | _a13: 978-1-58479-649-7. | ||
| 040 |
_aDWCL-Main lib _cOC |
||
| 082 | _aCirc. 395.22 B981s 2007 | ||
| 100 | _aBussen, Karen | ||
| 245 |
_aSimple stunning wedding etiquette/ _cKaren Bussen |
||
| 260 |
_aN. Y. : _b Stewart, Tabori & Chang, _cc2007. |
||
| 300 |
_a127 p. : _b ill. ; _c 21 cm. |
||
| 504 | _aIncludes index. | ||
| 650 | _a1. Etiquette. | ||
| 650 | _a2. Wedding etiquette. | ||
| 942 |
_2ddc _cBK-CIRC _kCirc. _n0 |
||
| 999 |
_c4107 _d4107 |
||